[Event "Canadian op U1600 48th"]
[Site "Toronto"]
[Date "2011.07.15"]
[Round "7"]
[White "Molev, Daniel"]
[Black "Doknjas, Joshua"]
[Result "0-1"]
[WhiteElo "1372"]
[BlackElo "1502"]
[PlyCount "78"]
[EventDate "2011.07.09"]
[EventType "swiss"]
[EventRounds "9"]
[EventCountry "CAN"]
[SourceTitle "EXT 2022"]
[Source "ChessBase"]
[SourceDate "2021.10.06"]
[SourceVersion "1"]
[SourceVersionDate "2021.10.06"]
[SourceQuality "1"]

1. e4 c5 2. Nf3 d6 3. Bc4 Nf6 4. Nc3 Nc6 5. d4 cxd4 6. Nxd4 e6 7. Bg5 a6 8. Nxc6 bxc6 9. e5 dxe5 10. Qxd8+ Kxd8 11. 0-0-0+ Kc7 12. Rd2 Bb4 13. Rhd1 Nd5 14. Rd3 f6 15. Be3 Nxc3 16. bxc3 Ba3+ 17. Kd2 Rb8 18. Ba7 Ra8 19. Be3 Be7 20. Ke2 c5 21. f3 g5 22. g4 h5 23. h3 hxg4 24. hxg4 Rh2+ 25. Bf2 f5 26. Ke3 f4+ 27. Ke2 Rb8 28. Kf1 Rh1+ 29. Bg1 Rh4 30. Bf2 Rh8 31. Kg2 Rb6 32. Re1 Bd6 33. Red1 Bb7 34. Rxd6 e4 35. R6d2 e3 36. Bxe3 fxe3 37. Rd3 Rh2+ 38. Kg1 Bxf3 39. Re1 Rh1# 0-1

[Event "Canadian op U1600 48th"]
[Site "Toronto"]
[Date "2011.07.11"]
[Round "3"]
[White "Noritsyn, Sergey"]
[Black "Molev, Daniel"]
[Result "1-0"]
[WhiteElo "1491"]
[BlackElo "1372"]
[PlyCount "70"]
[EventDate "2011.07.09"]
[EventType "swiss"]
[EventRounds "9"]
[EventCountry "CAN"]
[SourceTitle "EXT 2022"]
[Source "ChessBase"]
[SourceDate "2021.10.06"]
[SourceVersion "1"]
[SourceVersionDate "2021.10.06"]
[SourceQuality "1"]

1. b3 e5 2. e3 d5 3. Bb2 Nc6 4. Bb5 Bd6 5. f4 Qh4+ 6. g3 Qe7 7. Nc3 Nf6 8. fxe5 Bxe5 9. Nf3 Bg4 10. Qe2 a6 11. Bxc6+ bxc6 12. 0-0-0 Ne4 13. Nxe4 Bxb2+ 14. Kxb2 dxe4 15. Qc4 Qf6+ 16. Nd4 Bxd1 17. Rxd1 0-0 18. Rf1 Qd6 19. Nxc6 Rae8 20. Nd4 c5 21. Nf5 Qxd2 22. Qxc5 Rc8 23. Ne7+ Kh8 24. Nxc8 Rd8 25. Rxf7 Kg8 26. Qe7 Qxh2 27. Rxg7+ Kh8 28. Qxd8+ Kxg7 29. Qg5+ Kf7 30. Nd6+ Ke6 31. Nxe4 Qg2 32. Nc5+ Kd6 33. Nxa6 Qa8 34. Qc5+ Kd7 35. Qc7+ Ke8 1-0